अर्धनारी / (Record no. 48651)

MARC details
000 -LEADER
fixed length control field 01087nam a22002537a 4500
005 - DATE AND TIME OF LATEST TRANSACTION
control field 20101120112842.0
008 - FIXED-LENGTH DATA ELEMENTS--GENERAL INFORMATION
fixed length control field 101120t xxu||||| |||| 00| 0 mar d
010 ## - LCCN (DPL NO)
LC control number MAR-20371
020 ## - INTERNATIONAL STANDARD BOOK NUMBER
Terms of availability 135.00
035 ## - SYSTEM CONTROL NUMBER
System control number MR-13029
037 ## - SOURCE OF ACQUISITION
Source of stock number/acquisition DBAD / PUB
040 ## - CATALOGING SOURCE
Original cataloging agency DPL
Language of cataloging MR
082 ## - DEWEY DECIMAL CLASSIFICATION NUMBER
Classification number 891.463
100 ## - MAIN ENTRY--PERSONAL NAME
Personal name वळसंगकर,व्यं ना
9 (RLIN) 24393
245 ## - TITLE STATEMENT
Title अर्धनारी /
Statement of responsibility, etc व्यं ना वळसंगकर
246 ## - VARYING FORM OF TITLE
Title proper/short title Ardhanari
Remainder of title by V N Valsangkar
260 ## - PUBLICATION, DISTRIBUTION, ETC. (IMPRINT)
Place of publication, distribution, etc औरंगाबाद
Name of publisher, distributor, etc रजत प्रकाशन
Date of publication, distribution, etc 2009
270 ## - ADDRESS
Address 118,मैथिली टॉवर्स,वीर सावरकर चौक
City औरंगाबाद
300 ## - PHYSICAL DESCRIPTION
Extent 136पृ
Other physical details 21 सेमी (अजिल्द)
650 ## - SUBJECT ADDED ENTRY--TOPICAL TERM
Topical term or geographic name as entry element मराठी कादंबरी
9 (RLIN) 24396
650 ## - SUBJECT ADDED ENTRY--TOPICAL TERM
Topical term or geographic name as entry element Marathi Fiction
9 (RLIN) 24397
942 ## - ADDED ENTRY ELEMENTS (KOHA)
Source of classification or shelving scheme Dewey Decimal Classification
Item type Marathi Books
Call number suffix वळसं
Classification part 891.463
Holdings
Withdrawn status Lost status Source of classification or shelving scheme Damaged status Not for loan Collection code Home library Current library Date acquired Source of acquisition Cost, normal purchase price Total Checkouts Full call number Barcode Date last seen Copy number Cost, replacement price Koha item type
    Dewey Decimal Classification   Not For Loan Fiction D.B.Act.Division D.B.Act.Division 20/11/2010 DBAD / PUB 135.00   891.463 वळसं MR-13029 20/11/2010 1 135.00 Marathi Books

© Delhi Public Library
Hit Counter
free hit counter